000 01131nam a2200325 i 4500
001 bg
003 BPK
005 20250725064019.0
008 981023s1987 pl a f f |001 0 pol
015 _aPB 1987/9227
020 _a8301074892
040 _aWA N
_cBPK
041 0 _apol
080 _a621.89
080 _a(075.8)
100 1 _aLawrowski, Zbigniew
_d(1925-2012)
245 1 0 _aTechnika smarowania /
_cZbigniew Lawrowski.
260 _aWarszawa :
_bPańst. Wydaw. Naukowe,
_c1987.
300 _a213, [2] s. :
_brys., wykr. ;
_c24 cm.
490 1 _aPodstawy Konstrukcji Maszyn.
504 _aBibliogr. s. 210-211. - Indeks.
521 _aPodręcznik dla wydziałów mechanicznych wyższych szkół technicznych oraz dla słuchaczy studiów podyplomowych.
650 4 _aMaszyny
_xkonserwacja.
650 4 _aNarzędzia
_xkonserwacja.
650 4 _aSmary
_xstosowanie.
655 4 _aPodręczniki akademickie
830 0 _aPodstawy Konstrukcji Maszyn
856 _uhttp://koha.tu.koszalin.pl/cgi-bin/koha/opac-detail.pl?biblionumber=3445
_yKatalog online BPK
942 _2UKD
_cKS
999 _c3445
_d3445